000 00934nam a2200265 a 4500
001 832
003 BR-CuiBMT
005 20231121010151.0
008 230905s2006 rjb 00| 0 por d
020 _a857387869X
040 _aBR-CuiBMT
_cBR-CuiBMT
080 _a340.134:342.52
_22007
090 _a340.134:342.52
_bT231c
100 1 _aTavares, Sebastião Gilberto Mota
245 1 0 _aControle jurisdicional preventivo da lei :
_bo devido processo legislativo /
_cSebastião Gilberto Mota Tavares.
260 _aRio de Janeiro :
_bLumen Juris,
_c2006.
300 _axxiii, 224 p. ;
_c23 cm
500 _aOriginalmente apresentado como dissertação (mestrado-Universidade Federal de Pernambuco).
504 _aInclui bibliografia.
650 _aDireito constitucional
_zBrasil
650 _aControle da constitucionalidade
_zBrasil
650 _aDireito processual
650 _aProcesso legislativo
_xControle
942 _2udc
_cLV
999 _c832
_d832